Gunshot pay-off /

Saved in:
Bibliographic Details
Main Author: Brant, Lewis, 1928-
Format: Book
Language:English
Published: London : Hale, 1966
LEADER 00823nam a2200229 i 4500
001 c000079909
003 CARM
005 00000000000000.0
008 870506r19831966enk 00011 eng d
015 |a b8721504 
019 1 |a 5313940  |5 LACONCORD2021 
020 |a 0709012217 :  |c L.3.75 
035 |a (OCoLC)16086180  |5 LACONCORD2021 
100 1 |a Brant, Lewis,  |d 1928- 
245 1 0 |a Gunshot pay-off /  |c by Lewis Brant. 
260 |a London :  |b Hale,  |c 1966  |g (1983 [printing]) 
300 |a 159 p. ;  |c 20cm. 
500 |a Fiction in English,. 1945- - Texts (BNB/PRECIS) 
852 8 |b CARM  |h A2:AG29G0  |i A01359  |p 0120541  |f BK 
082 0 4 |a 823/.914  |2 19 
999 f f |i 99d57aff-f5f5-5359-b1b0-71ae3ecace14  |s c1b48488-e778-5289-afe2-65c2fa75e307 
952 f f |p Can circulate  |a CAVAL  |b CAVAL  |c CAVAL  |d CARM 1 Store  |e A01359  |f A2:AG29G0  |h Other scheme  |i book  |m 0120541